000 00340pab a2200145 454500
008 180718b1986 xxu||||| |||| 00| 0 eng d
100 _aSingh, Jag Pal
245 _aHow best to plan for the rural uplift
260 _c1986
300 _a19-22,28
362 _a1 Mar.
650 _aRural Development
773 _aYojana
909 _a17409
999 _c17409
_d17409